| 000 | 01880cam a2200433Mi 4500 | ||
|---|---|---|---|
| 999 |
_c6131 _d6131 |
||
| 001 | on1056499237 | ||
| 003 | TZ-ArACH | ||
| 005 | 20201216084827.0 | ||
| 008 | 180919s2018 enk 001 0 eng d | ||
| 020 |
_a9780414067301 _q(Hardback) |
||
| 020 | _a0414067304 | ||
| 035 | _a(OCoLC)1056499237 | ||
| 040 |
_aUEJ _beng _erda _cTZ-ArACH |
||
| 043 |
_ae-uk-en _ae-uk-wl |
||
| 049 | _aTZAA | ||
| 050 |
_aKD8303 _b.A73 2019 |
||
| 245 | 0 | 0 |
_aArchbold magistrates' courts criminal practice 2019 / _ceditor, Stephen Leake. |
| 246 | 3 | _aArchbold 2019 | |
| 260 |
_bSweet & Maxwell _c2018. _aLondon : |
||
| 300 |
_aclxxxix; 2827 p. _c24 cm |
||
| 500 | _aElectronic book available via Westlaw UK. | ||
| 500 | _aPrevious edition: 2017. | ||
| 500 | _aIncludes index. | ||
| 538 | _aMode of access: World Wide Web. | ||
| 650 | 0 |
_aPolice magistrates _zEngland. |
|
| 650 | 0 |
_aPolice magistrates _zWales. |
|
| 650 | 0 |
_aCriminal procedure _zEngland. |
|
| 650 | 0 |
_aCriminal procedure _zWales. |
|
| 650 | 0 |
_aCourt administration _zEngland. |
|
| 650 | 0 |
_aCourt administration _zWales. |
|
| 650 | 7 |
_aPolice magistrates. _2fast |
|
| 650 | 7 |
_aCourt administration. _2fast |
|
| 650 | 7 |
_aCriminal procedure. _2fast |
|
| 651 | 7 |
_aEngland. _2fast _914506 |
|
| 651 | 7 |
_aWales. _2fast |
|
| 856 | 4 | 1 | _z<a href="http://login.westlaw.co.uk/maf/wluk/ext/app/tocectory?crumb-action=reset&stnew=true&crumb-label=Books&sttype=stdtemplate&ao=o.I10CB2F30CBB411E3B979B2E163CD0598&ndd=2&sp=ukadvlegal-245" target="-blank">Access onsite at IALS -- Westlaw UK</a> |
| 856 | 4 | 1 | _z<a href=" https://login.westlaw.co.uk/app/authentication/sso/ukfederation?entityID=https://idp.london.ac.uk/shibboleth" target="-blank">remote access (IALS staff, fellows and students) (Shibboleth account required; enter IALS 'Username' (e.g. 'firstname.lastname') and login 'Password'; click 'Books')</a> |
| 942 |
_2lcc _cBOOK |
||